000 00207nam a2200085Ia 4500
008 120527s9999 xx 000 0 und d
100 _aGeorge, Banta
245 _aWorking with the study of society
942 _cBK
999 _c27679
_d27679